000 00656nam a2200193 a 4500
005 20230223063546.0
008 991125s1917 ea 000 0 eng u
035 _aUPN01000039117
049 _aCE
050 4 _aF1210.5 E6
_bG3.4
100 1 _aGarza, Emeterio de la,
_d1873-1948
245 1 0 _aMéxico and the war :
_ba lecture /
_cby Emeterio de la Garza.
260 _aNew York :
_b[s.n.],
_c1917.
300 _a59 p., [2] h. de láms.
651 4 _aEstados Unidos
_xRelaciones exteriores
_zMéxico
_97995
651 4 _aMEXICO -
_xRELACIONES EXTERIORES -
_zAMERICA LATINA
651 4 _aMéxico
_xRelaciones exteriores
_zEstados Unidos
_96689
905 _aLibro
999 _c39117
_d39117